000 00594nam a2200229Ia 4500
005 20260320202108.0
008 008 262003s9999 xx 000 0 eng d
037 _aEBOOK
040 _aCRL
040 _beng
040 _cCRL
041 _2eng
041 _aeng
084 _qCRL
100 _aPustiĊĦek
_91136792
245 0 _aBlockchain: Technology and Applications for Industry 4.0, Smart Energy, and Smart Cities
260 _bIEEE
856 _uhttps://ieeexplore.ieee.org/servlet/opac?bknumber=10783460
942 _cEBOOK
999 _c1725293
_d1725293